| 000 | 01982nam a22002897a 4500 | ||
|---|---|---|---|
| 005 | 20180521161547.0 | ||
| 010 | _aHIN-84044 राष्ट्रपति-2 B-691631 | ||
| 020 |
_c70.00 _a8123014694 |
||
| 035 | _aB-691631 | ||
| 037 | _aDBAD / PUB | ||
| 037 | _aनार्थ इंडिया | ||
| 082 | _a841.092 | ||
| 100 | _aमिश्र, त्रिनाथ | ||
| 245 |
_aमौलाना जलालुद्दीन रूमी / _cत्रिनाथ मिश्र ; राजेन्द्र भट्ट द्वारा संपादित |
||
| 246 |
_aMaulaanaa Jalaaludiin Rumii _bby Trinath Mishra |
||
| 260 |
_aनई दिल्ली _bप्रकाशन विभाग _c2007 |
||
| 270 |
_aसूचना और प्रसारण मंत्रालय, भारत सरकार, सूचना भवन, सी.जी.ओ.काम्पलेक्स _bनई दिल्ली _e110003 |
||
| 300 |
_a126पृ _c22सेमी (अजिल्द) _bसचित्र |
||
| 500 | _aराष्ट्रपति-2 | ||
| 600 |
_aRumi, Maulana Jalaludin _xBiography _xtranslations into Hindi |
||
| 650 |
_aPoet, Urdu _xBiography |
||
| 650 |
_aPersian poetry _xHistory and criticism _zIndia |
||
| 700 | _aभट्ट, राजेन्द्र | ||
| 942 |
_2ddc _cHN _kमिश्रत्रि _h841.092 |
||
| 999 |
_c15018 _d15018 |
||